Name these People - Weekly #4 - Statistics

General Stats
  • This quiz has been taken 70 times
  • The average score is 8 of 20
Answer Stats
Picture Hint Answer % Correct
American
Child
Lisa Simpson
77%
English
Polymath
Isaac Newton
74%
American
Film Director
Quentin Tarantino
70%
British
Singer
Seal
70%
American
Comedian
Kevin Hart
64%
American
Writer
Mark Twain
62%
German
Racecar Driver
Michael Schumacher
61%
Israeli
President
Benjamin Netanyahu
57%
Ethiopian
Emperor
Haile Selassie
46%
Venezuelan
President
Hugo Chávez
38%
American
Actress
Amanda Seyfried
36%
American
Actor
Luke Wilson
34%
American
Footballer
Alex Morgan
23%
American
Baseball Player
Lou Gehrig
20%
Finnish
Prime Minister
Sanna Marin
18%
American
Sprinter
Wilma Rudolph
15%
Irish
Comedienne
Aisling Bea
8%
American
Singer
Mitski
8%
American
YouTuber
Natalie Wynn
7%
Canadian
Green Leader
Elizabeth May
5%
No matching quizzes found
Score Distribution
Percent of People with Each Score
Percentile by Number Answered
Your Score History
You have not taken this quiz